Logistyka miedzynarodowa w warunkach globalnej konkurencji

Salvato in:
Dettagli Bibliografici
Altri autori: Golembska, Elzbieta
Natura: Libro
Lingua:polacco
Pubblicazione: Poznań Wydawnictwo Uniwersytetu Ekonomicznego w Poznaniu 2010
Serie:Zeszyty naukowe 156
Soggetti:
Tags: Aggiungi Tag
Nessun Tag, puoi essere il primo ad aggiungerne!!

MARC

LEADER 00000nam a2200000 4500
001 0130303
005 20230116072816.5
020 |a 978-83-7417-527-2 
022 |a 1689-7374 
041 0 |a pol 
044 |a PL 
245 1 0 |a Logistyka miedzynarodowa w warunkach globalnej konkurencji  |c redaktor naukowy Elzbieta Golembska 
264 1 |a Poznań  |b Wydawnictwo Uniwersytetu Ekonomicznego w Poznaniu  |c 2010 
300 |a 168 s. 
490 1 |a Zeszyty naukowe  |v 156 
830 0 |a Zeszyty naukowe  |v 156 
610 2 0 |a konkurencia medzinárodná 
610 2 0 |a globalizácia 
610 2 0 |a logistika 
610 2 0 |a trh 
610 2 0 |a outsourcing 
610 2 0 |a offshoring 
610 2 0 |a doprava 
700 1 |a Golembska, Elzbieta